START TO PAINT WITH WATER COLOURS (Record no. 920159)

MARC details
000 -LEADER
fixed length control field 00276nam a2200109Ia 4500
008 - FIXED-LENGTH DATA ELEMENTS--GENERAL INFORMATION
fixed length control field 231106s2018 xx 000 0 und d
041 ## - LANGUAGE CODE
Language code of text/sound track or separate title eng
100 ## - MAIN ENTRY--PERSONAL NAME
Personal name SUSIE HODGE
245 ## - TITLE STATEMENT
Title START TO PAINT WITH WATER COLOURS
260 ## - PUBLICATION, DISTRIBUTION, ETC.
Name of publisher, distributor, etc. ARCTURUS PUBLISHING LTD
Date of publication, distribution, etc. 2018
300 ## - PHYSICAL DESCRIPTION
Extent P-160

No items available.